000 00381nam a2200157Ia 4500
008 221030s9999 xx 000 0 und d
020 _a8178840103
041 _aEnglish
082 _a105.23
_bBan
100 _aR. Bangia
245 0 _aUnderstanding Excel 2000
_cby R. Bangia
260 _bCyber Tech Pub
_aNew Delhi
_c2001
300 _a239
650 _aBE Computer
942 _cBK
999 _c3328
_d3328